Les grands événements des années1900 - Statistiques

Statistiques générales
  • Ce quiz a été pris 43 fois
  • Le résultat moyen est 9 sur 101
Statistiques - réponses
Hint Réponse % Correct
1933 Arrivée au pouvoir d’Hitler en Allemagne
58%
1914 Début de la 1ère Guerre Mondiale
58%
1939 Début de la 2nd Guerre Mondiale
53%
1945 Fin de 2nd Guerre Mondiale
53%
1918 Fin de la 1ère Guerre Mondiale
47%
1929 1er Krach boursier de Wall Street
37%
1941 Attaque de Pearl Harbor
37%
1938 Accords de Munich
32%
1989 Chute du mur de Berlin
32%
1944 Débarquement de Normandie
32%
1963 Assassinat du président John F. Kennedy
26%
1942 Bataille de Stalingrad
26%
1948 Création d’Israël
26%
1912 Naufrage du Titanic
26%
1919 Traité de Versailles
26%
1916 Bataille de la Somme
21%
1991 Dissolution de l’URSS
21%
1968 Mouvements de Mai 68 en France
21%
1990 Réunification de l’Allemagne
21%
1905 1ère Révolution Russe
16%
1954 Bataille de Diên Biên Phu
16%
1961 Construction du mur de Berlin
16%
1940 Début de la Bataille d’Angleterre
16%
1935 Lois de Nuremberg
16%
1953 Mort de Staline
16%
1993 Accords d’Oslo
11%
1955 Conférence de Bandung
11%
1962 Crise des missiles de Cuba
11%
1943 Débarquement en Siscile
11%
1950 Début de la guerre de Corée
11%
1992 Jeux Olympiques de Barcelone
11%
1947 Plan Marshall
11%
1969 Premier Homme sur la Lune
11%
1996 Attentas des J.O. d’Atlanta
5%
1980 Boycott des J.O. de Moscou
5%
1975 Chute de Saïgon
5%
1956 Crise du canal de Suez
5%
1973 Crise pétrolière
5%
1930 Début de la Grande Dépression
5%
1936 Début de la Guerre Civile Espagnole
5%
1946 Début de la guerre froide
5%
2000 Début du Deuxième Millénaire après Jésus Christ
5%
1974 Démission de Richard Nixon
5%
1986 Explosion de la centrale nucléaire Tchernobyl
5%
1902 Fin de la guerre des Boers en Afrique du Sud
5%
1994 Génocide au Rwanda
5%
1981 Mariage du Prince Charles et de Lady Diana
5%
1925 Publication de « Mein Kampf » par Adolf Hitler
5%
1917 Révolution russe
5%
1995 Attentats d’Oklahoma City
0%
1971 Création de Greenpeace
0%
1926 Création de la compagnie aérienne Air France
0%
1913 Création de la Federal Reserve aux États Unis
0%
1958 Création de la Nasa
0%
1907 Création de l’état du Nevada
0%
1922 Création de l’URSS
0%
1983 Création d’Internet
0%
1934 Création du Kuomintang en Chine
0%
1951 Création du parti populaire démocratique en Corée du Sud
0%
1901 Création du Prix Nobel
0%
1931 Création du statut de Westminster
0%
1904 Début de la construction du Canal de Panama
0%
1928 Début de la construction du Golden Gate Bridge
0%
1977 Début de la présidence de Jimmy Carter
0%
1960 Déclaration d’indépendance du Congo Belge
0%
1911 Découverte du Machu Picchu au Pérou
0%
1985 Explosion de la navette spatiale Challenger
0%
1952 Explosion de la première bombe H
0%
1908 Explosion de la Toungouska en Sibérie
0%
1900 Exposition Universelle à Paris
0%
1924 Fondation du Mouvement des Frères Musulmans en Égypte
0%
1921 Fondation du Parti Communiste chinois
0%
1932 Franklin D.Roosevelt devient président des États Unis
0%
1915 Génocide des arméniens
0%
1923 Grand séisme de Kantō au Japon
0%
1967 Guerre des 6 jours
0%
1982 Guerre des Malouines
0%
1964 Guerre du Vietnam
0%
1965 Indépendance de Singapour
0%
1988 Jeux Olympiques de Séoul
0%
1984 J.O. de Los Angeles
0%
1987 Krach boursier de Wall Street connu sous le nom de « Black Monday
0%
1998 Lancement du module Russe Zarya
0%
1957 Lancement du Satellite Spoutnik
0%
1970 Manifestations sur la place Tian’anmen
0%
1999 Massacre de Columbine
0%
1937 Massacre de Nankin
0%
1976 Mort de Mao Zedong
0%
1978 Naufrage de l’Amoco Cadiz
0%
1909 Première traversée aérienne de la Manche
0%
1927 Première traversée aérienne de l’Atlantique
0%
1903 Premier vol motorisé par les frères Wright
0%
1949 Proclamation de la République populaire de Chine
0%
1920 Prohibition aux États Unis
0%
1997 Rétrocession de Hong Kong en Chine
0%
1959 Révolution Cubaine
0%
1966 Révolution culturelle en Chine
0%
1979 Révolution Iranienne
0%
1910 Révolution mexicaine
0%
1972 Scandale du Watergate
0%
1906 Séisme de San Francisco
0%
Aucun quiz correspondant
Distribution des résultats
% des personnes avec chaque résultat
Percentile par nombre de réponses
Votre historique - résultats
Vous n’avez pas pris ce quiz